Los menores y las mujeres en el derecho de trabajo /
Guardado en:
| Autor Principal: | |
|---|---|
| Formato: | Libro |
| Idioma: | Spanish |
| Publicado: |
Buenos Aires :
Astrea,
1981
|
| Materias: | |
| Etiquetas: |
Agregar Etiqueta
Sin Etiquetas, Sea el primero en etiquetar este registro!
|
| LEADER | 00431nam a22001335a 4500 | ||
|---|---|---|---|
| 001 | DER.der002181 | ||
| 008 | 180615s1981####ag#||||||||||||||#||spa|| | ||
| 005 | 20251205153702.0 | ||
| 245 | 1 | 0 | |a Los menores y las mujeres en el derecho de trabajo / |c Julio J. Martínez Vivot |
| 260 | |a Buenos Aires : |b Astrea, |c 1981 | ||
| 300 | |a 345 p. | ||
| 100 | 1 | |a Martínez Vivot, Julio J. | |
| 650 | 7 | |a DERECHO LABORAL | |
| 859 | |a DERECHO |b BIB. DERECHO |h 344.01 |i MAR |p 004308 | ||
